=LDR 00000nam 2200000 4500 =001 INLIS000000000045752 =005 20150209135011.0 =006 =007 =008 =035 ##$$0010-021500000000312 =082 ##$$a 428-Har-p =100 ##$$a Harwatiningsih =245 ##$$a Practikal english conversation =250 ##$$a Cet.2 =260 ##$$a Surabaya $b Pustaka Anda $c 2002 =300 ##$$a 474 Hlm $c 19 Cm =850 ##$$aNBPNMAT =990 ##$$a 0001/BPAP-NTB/20142015